Normal view
MARC view
Entry Topical Term
001 - CONTROL NUMBER
- control field: 27757
003 - CONTROL NUMBER IDENTIFIER
- control field: ARRUPE
005 - DATE AND TIME OF LATEST TRANSACTION
- control field: 20161130090934.0
008 - FIXED-LENGTH DATA ELEMENTS
- fixed length control field: 161130|| aca||aabn | a|a d
040 ## - CATALOGING SOURCE
- Original cataloging agency: ARRUPE
- Transcribing agency: ARRUPE
150 ## - HEADING--TOPICAL TERM
- Topical term or geographic name as entry element: Heresies
670 ## - SOURCE DATA FOUND
- Source citation: Work cat.: (ARRUPE)47759: Cozens, M.L 27755, A handbook of heresies